Music Quiz

Random Music or Show Quiz

The Eminem Show Songs by Number Quiz Stats

 Plays Quiz not verified by Sporcle

Challenge
Share
Tweet
Embed
Score 0/20 Timer 05:00
0 Plays Today
Number % Correct
Song 2White America
91.5%
Song 4Cleanin' Out My Closet
80.9%
Song 19My Dads Gone Crazy
80.9%
Song 3Business
78.7%
Song 5Square Dance
76.6%
Song 10Without Me
74.5%
Song 7Soldier
70.2%
Song 12Sing for the Moment
70.2%
Song 13Superman
70.2%
Song 16Till I Collapse
70.2%
Number % Correct
Song 1Curtains Up
68.1%
Song 9Drips
66%
Song 6The Kiss
59.6%
Song 17Say What You Say
59.6%
Song 18When the Music Stops
57.4%
Song 8Say Goodbye Hollywood
55.3%
Song 20Curtains Close
53.2%
Song 15Steve Berman
44.7%
Song 14Halie's Song
38.3%
Song 11Paul Rosenburg
23.4%

You're not logged in!

Compare scores with friends on all Sporcle quizzes.
OR
Log In

You Might Also Like...

Show Comments

Extras

Created Jun 5, 2011ReportNominate
Tags:Show Quiz, Song Quiz, Eminem

Top Quizzes Today


Score Distribution

Your Account Isn't Verified!

In order to create a playlist on Sporcle, you need to verify the email address you used during registration. Go to your Sporcle Settings to finish the process.

Report this User

Report this user for behavior that violates our Community Guidelines.

Details: